[Event "Oberliga Ost A"]
[Site "?"]
[Date "2022.03.05"]
[Round "8.3"]
[White "Nguyen, Alex Dac Vuong"]
[Black "Spivak, Ilya"]
[Result "1-0"]
[WhiteElo "2281"]
[BlackElo "2302"]
[PlyCount "87"]
[EventDate "2021.10.10"]
[EventType "team-tourn"]
[EventCountry "GER"]
[WhiteTeam "Leipzig SG"]
[BlackTeam "Hoyerswerda FVS ASP"]
[WhiteTeamCountry "GER"]
[BlackTeamCountry "GER"]

{[%evp 0,13,32,20,20,27,40,39,37,25,39,20,20,20,20,20]} 1. e4 c5 2. Nf3 e6 3.
d4 cxd4 4. Nxd4 Nf6 5. Nc3 Nc6 6. Ndb5 d6 7. Bf4 e5 8. Bg5 a6 9. Na3 b5 10. Nd5
Be7 11. Bxf6 Bxf6 12. c3 Rb8 13. Nc2 Bg5 14. a4 bxa4 15. Ncb4 Nxb4 16. cxb4 O-O
17. Rxa4 a5 18. b5 Bd7 19. Nc3 d5 20. exd5 e4 21. Rxe4 f5 22. Rd4 Bf6 23. Be2
Bxd4 24. Qxd4 Re8 25. O-O Qf6 26. Qxf6 gxf6 27. Rd1 a4 28. Kf1 Kf8 29. Ra1 Ra8
30. Ke1 Ra5 31. Kd2 Ke7 32. Ra3 Kd6 33. b3 Rxe2+ 34. Kxe2 Bxb5+ 35. Ke3 Bf1 36.
b4 Ra8 37. Rxa4 Re8+ 38. Kd4 Rc8 39. b5 Bxg2 40. Ra6+ Ke7 41. Ra7+ Kd6 42. Rf7
Bf1 43. Rxf6+ Ke7 44. Rc6 1-0

[Event "Oberliga Ost A"]
[Site "?"]
[Date "2022.03.05"]
[Round "8.4"]
[White "Hovsepyan, Vardan"]
[Black "Heistermann, Till"]
[Result "1/2-1/2"]
[WhiteElo "2240"]
[BlackElo "2184"]
[PlyCount "63"]
[EventDate "2021.10.10"]
[EventType "team-tourn"]
[EventCountry "GER"]
[WhiteTeam "Hoyerswerda FVS ASP"]
[BlackTeam "Leipzig SG"]
[WhiteTeamCountry "GER"]
[BlackTeamCountry "GER"]

{[%evp 0,13,32,20,20,27,40,39,37,25,39,20,20,20,20,20]} 1. e4 d6 2. d4 e5 3.
Nf3 exd4 4. Qxd4 Nc6 5. Bb5 Bd7 6. Qc3 Nf6 7. O-O Be7 8. Nbd2 O-O 9. Re1 Re8
10. Bc4 Rf8 11. h3 Qc8 12. b4 Nh5 13. Bb2 Bf6 14. e5 Nxe5 15. Nxe5 Nf4 16. Qg3
Bxe5 17. Bxe5 dxe5 18. Rxe5 Ng6 19. Rc5 c6 20. Ne4 Be6 21. b5 Bxc4 22. Rxc4 Qe6
23. Qb3 cxb5 24. Qxb5 a6 25. Qb4 b5 26. Rd4 Rac8 27. Qd2 Ne5 28. c3 Nc4 29. Qf4
Rfd8 30. Rad1 Rxd4 31. Rxd4 h6 32. Kh2 1/2-1/2

[Event "Oberliga Ost A"]
[Site "?"]
[Date "2022.03.05"]
[Round "8.5"]
[White "Roesemann, Rainer"]
[Black "Jahnel, Guenther"]
[Result "1-0"]
[WhiteElo "2257"]
[BlackElo "2185"]
[PlyCount "69"]
[EventDate "2021.10.10"]
[EventType "team-tourn"]
[EventCountry "GER"]
[WhiteTeam "Leipzig SG"]
[BlackTeam "Hoyerswerda FVS ASP"]
[WhiteTeamCountry "GER"]
[BlackTeamCountry "GER"]

{[%evp 0,13,32,20,20,27,40,39,37,25,39,20,20,20,20,20]} 1. c4 g6 2. g3 Bg7 3.
Bg2 e5 4. Nc3 Nc6 5. e4 d6 6. Nge2 Be6 7. d3 Nge7 8. Nd5 O-O 9. O-O Qd7 10. Be3
f5 11. Qd2 Rf7 12. Bg5 Raf8 13. Rac1 fxe4 14. dxe4 Bg4 15. Nxe7+ Nxe7 16. c5
Nc6 17. cxd6 cxd6 18. Be3 h5 19. Rc3 Kh7 20. Rd3 Bf3 21. h3 Qe6 22. b3 Bxg2 23.
Kxg2 Rd8 24. Rd1 Bf8 25. Ng1 Be7 26. f3 Rg8 27. h4 Rgf8 28. Rf1 b6 29. Nh3 Nd8
30. Bg5 Kg8 31. Bxe7 Qxe7 32. Rxd6 Rg7 33. Ng5 Kh8 34. Rd1 Nb7 35. Rd7 1-0

[Event "Oberliga Ost A"]
[Site "?"]
[Date "2022.03.05"]
[Round "8.6"]
[White "Boehm, Robert"]
[Black "Hoffmann, Hendrik"]
[Result "0-1"]
[WhiteElo "2144"]
[BlackElo "2242"]
[PlyCount "58"]
[EventDate "2021.10.10"]
[EventType "team-tourn"]
[EventCountry "GER"]
[WhiteTeam "Hoyerswerda FVS ASP"]
[BlackTeam "Leipzig SG"]
[WhiteTeamCountry "GER"]
[BlackTeamCountry "GER"]

{[%evp 0,13,32,20,20,27,40,39,37,25,39,20,20,20,20,20]} 1. Nf3 d5 2. c4 e6 3.
g3 Nf6 4. Bg2 c5 5. d4 Nc6 6. cxd5 exd5 7. O-O Be7 8. Nc3 O-O 9. b3 Re8 10. Bb2
Bg4 11. dxc5 Bxc5 12. Na4 Bf8 13. Rc1 Ne4 14. h3 Bh5 15. g4 Bg6 16. Nd4 Rc8 17.
Nxc6 Rxc6 18. Rxc6 bxc6 19. e3 Qh4 20. Nc3 Ng5 21. Ne2 Nxh3+ 22. Bxh3 Qxh3 23.
Nf4 Qh4 24. Nxg6 hxg6 25. Kg2 Re4 26. f3 Rxe3 27. Rh1 Qe7 28. Kf2 Re6 29. Qf1
Qc5+ 0-1

[Event "Oberliga Ost A"]
[Site "?"]
[Date "2022.03.05"]
[Round "8.7"]
[White "Rausch, Stephan"]
[Black "Heyme, Sibylle"]
[Result "1-0"]
[WhiteElo "2281"]
[BlackElo "2027"]
[PlyCount "89"]
[EventDate "2021.10.10"]
[EventType "team-tourn"]
[EventCountry "GER"]
[WhiteTeam "Leipzig SG"]
[BlackTeam "Hoyerswerda FVS ASP"]
[WhiteTeamCountry "GER"]
[BlackTeamCountry "GER"]

{[%evp 0,13,32,20,20,27,40,39,37,25,39,20,20,20,20,20]} 1. d4 Nf6 2. Nf3 g6 3.
c4 Bg7 4. Nc3 d6 5. e4 O-O 6. h3 Nc6 7. Be3 e5 8. d5 Ne7 9. g4 c6 10. Be2 cxd5
11. cxd5 Bd7 12. Nd2 Ne8 13. g5 f5 14. f3 Nc8 15. h4 Nc7 16. Qb3 b6 17. Rc1 Rf7
18. Kd1 Rb8 19. a4 Qe8 20. Nb5 Nxb5 21. Bxb5 fxe4 22. fxe4 a6 23. Bxd7 Qxd7 24.
Kc2 b5 25. Kb1 Qb7 26. axb5 axb5 27. Rc6 Rd7 28. Rhc1 Bf8 29. Qd1 Na7 30. Qg4
Rf7 31. Rb6 Qa8 32. Ra6 Rbb7 33. Qe6 Qb8 34. Rf1 Kg7 35. Rf6 Rxf6 36. gxf6+ Kh8
37. Nf3 h6 38. Bxa7 Rxa7 39. Rxa7 Qxa7 40. Qe8 Kg8 41. Qxg6+ Kh8 42. f7 Bg7 43.
Qe6 Bf8 44. Qf6+ Kh7 45. h5 1-0

[Event "Oberliga Ost A"]
[Site "?"]
[Date "2022.03.05"]
[Round "8.8"]
[White "Hassemeier, Mika"]
[Black "Liedtke, Matthias"]
[Result "1/2-1/2"]
[WhiteElo "2095"]
[BlackElo "2238"]
[PlyCount "58"]
[EventDate "2021.10.10"]
[EventType "team-tourn"]
[EventCountry "GER"]
[WhiteTeam "Hoyerswerda FVS ASP"]
[BlackTeam "Leipzig SG"]
[WhiteTeamCountry "GER"]
[BlackTeamCountry "GER"]

{[%evp 0,13,32,20,20,27,40,39,37,25,39,20,20,20,20,20]} 1. d4 Nf6 2. c4 g6 3.
Nc3 Bg7 4. e4 d6 5. h3 O-O 6. Be3 c5 7. Nf3 cxd4 8. Nxd4 b6 9. g3 Bb7 10. Bg2
Nbd7 11. O-O Nc5 12. Qc2 Qd7 13. Rad1 Rad8 14. b3 Qc8 15. Nd5 Rfe8 16. Nb5 a6
17. Nbc3 b5 18. cxb5 Nxd5 19. exd5 Nxb3 20. Qxb3 Qxc3 21. Qa4 axb5 22. Qxb5 Qc8
23. Bb6 Ba6 24. Qa4 Bxf1 25. Bxd8 Rxd8 26. Bxf1 Qc5 27. Qc4 Qa7 28. Qa6 Qc5 29.
Qc4 Qa7 1/2-1/2

[Event "Oberliga Ost A"]
[Site "?"]
[Date "2022.03.05"]
[Round "8.1"]
[White "Heinrich, Thomas"]
[Black "Armbrust, Florian"]
[Result "1-0"]
[WhiteElo "2170"]
[BlackElo "2297"]
[PlyCount "113"]
[EventDate "2021.10.10"]
[EventType "team-tourn"]
[EventCountry "GER"]
[WhiteTeam "Leipzig VfB"]
[BlackTeam "Magdeburg SG Aufbau Elbe II"]
[WhiteTeamCountry "GER"]
[BlackTeamCountry "GER"]

1. d4 Nf6 2. Nf3 g6 3. Bf4 Bg7 4. e3 d6 5. h3 O-O 6. Be2 Nfd7 7. O-O e5 8. Bh2
Nc6 9. a4 f5 10. c3 e4 11. Nfd2 Nf6 12. Na3 Be6 13. b4 a6 14. Qc2 d5 15. b5
axb5 16. axb5 Na5 17. c4 dxc4 18. Naxc4 Nxc4 19. Bxc4 Nd5 20. Rxa8 Qxa8 21.
Nxe4 c6 22. Ng5 Bd7 23. Qb3 b6 24. bxc6 Bxc6 25. Ne6 b5 26. Bxb5 Bxb5 27. Qxb5
Rf7 28. Nxg7 Kxg7 29. Be5+ Kh6 30. Rc1 Qa3 31. Qc4 Rb7 32. Qc5 Qa2 33. Rc2 Qa1+
34. Rc1 Qb2 35. Kh2 Nb4 36. Bf4+ g5 37. Qf8+ Kg6 38. Qd6+ Kh5 39. g4+ fxg4 40.
hxg4+ Kxg4 41. Rg1+ Kf3 42. Rg3+ Ke2 43. Bxg5 Nd3 44. Qf6 Ne1 45. Qf4 h5 46. d5
Rb3 47. d6 Rd3 48. Bf6 Qb7 49. Be7 Nf3+ 50. Kh3 Rd1 51. Qc4+ Kd2 52. e4 Qb1 53.
Rxf3 Rh1+ 54. Kg3 Qg1+ 55. Kf4 Qg4+ 56. Ke5 Qxf3 57. d7 1-0

[Event "Oberliga Ost A"]
[Site "?"]
[Date "2022.03.05"]
[Round "8.2"]
[White "Rafayevych, Vilen"]
[Black "Collini, Carsten"]
[Result "1-0"]
[WhiteElo "2156"]
[BlackElo "2112"]
[PlyCount "77"]
[EventDate "2021.10.10"]
[EventType "team-tourn"]
[EventCountry "GER"]
[WhiteTeam "Magdeburg SG Aufbau Elbe II"]
[BlackTeam "Leipzig VfB"]
[WhiteTeamCountry "GER"]
[BlackTeamCountry "GER"]

1. d4 Nf6 2. c4 c5 3. d5 e5 4. Nc3 d6 5. e4 Be7 6. h3 O-O 7. Nf3 Ne8 8. g4 Na6
9. Be3 Bd7 10. Bd3 Nb4 11. Be2 Kh8 12. Qd2 g6 13. Bh6 Rg8 14. a3 Na6 15. h4 f6
16. g5 f5 17. h5 f4 18. O-O-O gxh5 19. Rxh5 Bg4 20. Rdh1 Bxh5 21. Rxh5 Rg6 22.
Qd1 Ng7 23. Rh2 Bxg5 24. Bxg5 Rxg5 25. Nxg5 Qxg5 26. Qh1 f3+ 27. Kc2 Qg6 28.
Bxf3 Nc7 29. Rh6 Qg5 30. Rxh7+ Kg8 31. Qh3 Rd8 32. Bg4 Kf7 33. Be6+ Ke7 34. Qf5
Qf6 35. Qg4 Nce8 36. f3 a6 37. Ne2 Rb8 38. Ng3 Kd8 39. Nh5 1-0

[Event "Oberliga Ost A"]
[Site "?"]
[Date "2022.03.05"]
[Round "8.4"]
[White "Wagner, Benjamin"]
[Black "Just, Wolfgang"]
[Result "1/2-1/2"]
[WhiteElo "2036"]
[BlackElo "2075"]
[PlyCount "140"]
[EventDate "2021.10.10"]
[EventType "team-tourn"]
[EventCountry "GER"]
[WhiteTeam "Magdeburg SG Aufbau Elbe II"]
[BlackTeam "Leipzig VfB"]
[WhiteTeamCountry "GER"]
[BlackTeamCountry "GER"]

1. e4 e6 2. d4 d5 3. Nc3 Bb4 4. e5 c5 5. Bd2 cxd4 6. Nb5 Bxd2+ 7. Qxd2 Nc6 8.
f4 Nh6 9. Nf3 O-O 10. O-O-O Bd7 11. Kb1 Qb6 12. Nbxd4 Nxd4 13. Qxd4 Qxd4 14.
Nxd4 f6 15. exf6 Rxf6 16. g3 Nf5 17. Nxf5 Rxf5 18. h4 Bc6 19. Bh3 Rf6 20. Rhe1
Re8 21. Re5 g6 22. Kc1 h5 23. Rde1 Kf7 24. c3 Bd7 25. Kd2 Rc8 26. R1e2 Rc6 27.
Ke1 Rd6 28. Rd2 Ke7 29. Kf2 Rf8 30. Rde2 Kf6 31. g4 hxg4 32. Bxg4 a5 33. Kg3 b5
34. Rd2 Rc8 35. Be2 Be8 36. Rg5 Rb6 37. Bd3 b4 38. cxb4 Rxb4 39. Kf3 Rcb8 40.
b3 a4 41. Bc2 axb3 42. Bxb3 Rc8 43. Re5 Rc3+ 44. Re3 Rxe3+ 45. Kxe3 Re4+ 46.
Kf3 Ba4 47. Bxa4 Rxa4 48. Re2 Ra3+ 49. Kg4 Rc3 50. Re1 Rc2 51. Ra1 Rc4 52. a4
e5 53. a5 Rxf4+ 54. Kg3 Ke6 55. a6 Rf8 56. a7 Ra8 57. Kg4 d4 58. Ra5 e4 59. Kf4
e3 60. Kf3 Kd6 61. Ke2 Kc6 62. Ra6+ Kb5 63. Rd6 Kc4 64. Ra6 Kc3 65. Rc6+ Kb4
66. Ra6 Kc3 67. Rc6+ Kb4 68. Ra6 Kb5 69. Rd6 Kc5 70. Ra6 Kb5 1/2-1/2

[Event "Oberliga Ost A"]
[Site "?"]
[Date "2022.03.05"]
[Round "8.5"]
[White "Rohne, Lars"]
[Black "Windelband, Jens"]
[Result "1-0"]
[WhiteElo "2111"]
[BlackElo "2079"]
[PlyCount "79"]
[EventDate "2021.10.10"]
[EventType "team-tourn"]
[EventCountry "GER"]
[WhiteTeam "Leipzig VfB"]
[BlackTeam "Magdeburg SG Aufbau Elbe II"]
[WhiteTeamCountry "GER"]
[BlackTeamCountry "GER"]

1. e4 e6 2. d4 d5 3. Nd2 c5 4. exd5 exd5 5. Ngf3 Nf6 6. Bb5+ Bd7 7. Bxd7+ Nbxd7
8. O-O Be7 9. Re1 O-O 10. dxc5 Nxc5 11. Nf1 Nce4 12. Be3 Re8 13. Bd4 Qa5 14.
Ne3 Rad8 15. c3 b5 16. a3 Qc7 17. Qb3 a6 18. a4 Nc5 19. Qc2 bxa4 20. Nf5 Bf8
21. Bxf6 gxf6 22. N3d4 Re5 23. Re3 Rde8 24. Rg3+ Kh8 25. Ne3 Rh5 26. Qd1 Rhe5
27. Ndf5 Ne4 28. Rh3 a3 29. f4 Rxf5 30. Nxf5 Bc5+ 31. Nd4 Qxf4 32. Rf3 Qe5 33.
Rxa3 Nxc3 34. bxc3 Bxa3 35. Qf1 Bc5 36. Qxa6 Bxd4+ 37. cxd4 Qxd4+ 38. Kh1 Qd1+
39. Rf1 Re1 40. Qxf6+ 1-0

[Event "Oberliga Ost A"]
[Site "?"]
[Date "2022.03.05"]
[Round "8.6"]
[White "Noack, Marcel"]
[Black "Bauer, Timon"]
[Result "1/2-1/2"]
[WhiteElo "2031"]
[BlackElo "1869"]
[PlyCount "69"]
[EventDate "2021.10.10"]
[EventType "team-tourn"]
[EventCountry "GER"]
[WhiteTeam "Magdeburg SG Aufbau Elbe II"]
[BlackTeam "Leipzig VfB"]
[WhiteTeamCountry "GER"]
[BlackTeamCountry "GER"]

1. e4 c5 2. Nf3 e6 3. d3 Nc6 4. g3 g6 5. Bg2 Bg7 6. h4 Nf6 7. Bg5 h6 8. Bd2 d5
9. Nc3 O-O 10. Qc1 Kh7 11. h5 Ng8 12. exd5 exd5 13. Nxd5 Bg4 14. hxg6+ fxg6 15.
Ng5+ Kh8 16. Rh4 Qd7 17. Bc3 Rae8+ 18. Ne4 Nd4 19. Nf4 Qf5 20. Kf1 Rd8 21. Qe3
Nxc2 22. Qxc5 Nxa1 23. Bxg7+ Kxg7 24. Rxg4 Qxg4 25. Bh3 Qd1+ 26. Kg2 Rde8 27.
Ne6+ Rxe6 28. Bxe6 Qf3+ 29. Kg1 Qd1+ 30. Kg2 Qc2 31. Qd4+ Kh7 32. Qd7+ Kh8 33.
Qd4+ Kh7 34. Qd7+ Kh8 35. Qd4+ 1/2-1/2

[Event "Oberliga Ost A"]
[Site "?"]
[Date "2022.03.05"]
[Round "8.7"]
[White "Schoen, Florian"]
[Black "Heyne, Jan Hendrik"]
[Result "1-0"]
[WhiteElo "1643"]
[BlackElo "1847"]
[PlyCount "111"]
[EventDate "2021.10.10"]
[EventType "team-tourn"]
[EventCountry "GER"]
[WhiteTeam "Leipzig VfB"]
[BlackTeam "Magdeburg SG Aufbau Elbe II"]
[WhiteTeamCountry "GER"]
[BlackTeamCountry "GER"]

1. e4 e5 2. Nf3 Nc6 3. d4 exd4 4. Nxd4 Nf6 5. Nxc6 bxc6 6. Bd3 d5 7. exd5 cxd5
8. Bf4 Be7 9. O-O O-O 10. h3 c5 11. Qf3 Bb7 12. Re1 Qd7 13. Be5 Rfe8 14. Bf5
Qc6 15. Nc3 Rad8 16. Rad1 Ba8 17. Bxf6 Bxf6 18. Rxe8+ Qxe8 19. Nxd5 Bxd5 20.
Rxd5 Rxd5 21. Qxd5 Qe1+ 22. Kh2 Be5+ 23. g3 Qxf2+ 24. Kh1 Qe1+ 25. Kg2 Qxg3+
26. Kf1 Qf4+ 27. Ke2 g6 28. Bd3 Qh2+ 29. Kd1 Qg1+ 30. Ke2 Bf4 31. Bc4 Qe3+ 32.
Kd1 Qc1+ 33. Ke2 Qe3+ 34. Kd1 Kh8 35. h4 Qc1+ 36. Ke2 Qe3+ 37. Kd1 Bg3 38. c3
Qe1+ 39. Kc2 Qf2+ 40. Kb3 Bxh4 41. Qa8+ Kg7 42. Qxa7 Bg5 43. Qb8 Qf5 44. a4 Qd7
45. a5 Qd1+ 46. Ka3 Qa1+ 47. Ba2 c4 48. Qc7 Qe1 49. Qxc4 Be7+ 50. b4 Qc1+ 51.
Ka4 Qd1+ 52. Bb3 Qd7+ 53. b5 f5 54. Qd4+ Qxd4+ 55. cxd4 Bd8 56. b6 1-0

[Event "Oberliga Ost A"]
[Site "?"]
[Date "2022.03.05"]
[Round "8.8"]
[White "Willberg, Frank"]
[Black "Englert, Luca"]
[Result "0-1"]
[WhiteElo "1893"]
[BlackElo "1660"]
[PlyCount "54"]
[EventDate "2021.10.10"]
[EventType "team-tourn"]
[EventCountry "GER"]
[WhiteTeam "Magdeburg SG Aufbau Elbe II"]
[BlackTeam "Leipzig VfB"]
[WhiteTeamCountry "GER"]
[BlackTeamCountry "GER"]

1. Nf3 c5 2. c4 Nf6 3. g3 Nc6 4. d4 cxd4 5. Nxd4 e5 6. Nb5 d6 7. Bg2 Be7 8. O-O
O-O 9. b3 Be6 10. Ba3 Ne8 11. N5c3 f5 12. Bd5 Bf7 13. Bxf7+ Rxf7 14. Nd5 Bf8
15. Nbc3 g6 16. Qd2 Rc8 17. Rad1 Qd7 18. Kg2 Rd8 19. h4 h5 20. f4 Bg7 21. Nb5
a6 22. Nb6 Qe6 23. Nxd6 exf4 24. Qxf4 Be5 25. Nxf7 Bxf4 26. Nxd8 Qxe2+ 27. Kh1
Bxg3 0-1

[Event "Oberliga Ost A"]
[Site "?"]
[Date "2022.06.26"]
[Round "9.1"]
[White "Hartge, Gedeon"]
[Black "Pulpan, Jakub"]
[Result "0-1"]
[WhiteElo "2255"]
[BlackElo "2415"]
[PlyCount "60"]
[EventDate "2021.10.10"]
[EventType "team-tourn"]
[EventCountry "GER"]
[WhiteTeam "Halle USV"]
[BlackTeam "Aue ESV Nickelhuette"]
[WhiteTeamCountry "GER"]
[BlackTeamCountry "GER"]

1. d4 Nf6 2. c4 e6 3. Nc3 Bb4 4. e3 O-O 5. Nge2 Re8 6. a3 Bf8 7. Ng3 d5 8. Be2
b6 9. O-O Bb7 10. Re1 c5 11. Bf3 Qd7 12. cxd5 exd5 13. Nge2 Na6 14. Nf4 Nc7 15.
h4 Bd6 16. Nce2 h6 17. h5 Nh7 18. g3 Rad8 19. Bd2 Ng5 20. Bg2 Qg4 21. Nc3 Qf5
22. Nce2 Nce6 23. Bc3 Ne4 24. Bh3 Qg5 25. Nxe6 fxe6 26. Nf4 cxd4 27. Bxe6+ Rxe6
28. Nxe6 Qf5 29. Re2 Qxe6 30. Bxd4 Rf8 0-1

[Event "Oberliga Ost A"]
[Site "?"]
[Date "2022.06.26"]
[Round "9.4"]
[White "Jurasek, Miroslav"]
[Black "Reipsch, Jens"]
[Result "1-0"]
[WhiteElo "2219"]
[BlackElo "2243"]
[PlyCount "99"]
[EventDate "2021.10.10"]
[EventType "team-tourn"]
[EventCountry "GER"]
[WhiteTeam "Aue ESV Nickelhuette"]
[BlackTeam "Halle USV"]
[WhiteTeamCountry "GER"]
[BlackTeamCountry "GER"]

1. Nf3 Nf6 2. g3 c5 3. Bg2 Nc6 4. O-O g6 5. d4 cxd4 6. Nxd4 Bg7 7. Nc3 O-O 8.
e3 d5 9. Nde2 e6 10. b3 b6 11. Ba3 Re8 12. Nb5 Ba6 13. c4 Bxb5 14. cxb5 Ne7 15.
Bb2 Qd7 16. a4 Rac8 17. Nf4 Red8 18. Nd3 Ne8 19. Bxg7 Kxg7 20. Ra2 f6 21. Rd2
Nd6 22. Nf4 Kf7 23. e4 dxe4 24. Bxe4 Qc7 25. Bd3 e5 26. Ng2 Nef5 27. f4 e4 28.
Be2 Qc5+ 29. Kh1 Kg7 30. g4 Ne3 31. Nxe3 Qxe3 32. g5 Nf7 33. gxf6+ Kxf6 34.
Rxd8 Rxd8 35. Qe1 Qd4 36. f5 g5 37. Qg3 Qd6 38. Qh3 Kg7 39. f6+ Kg8 40. Bc4 Rd7
41. Qh6 Qf8 42. Qxg5+ Kh8 43. Qg4 Rd6 44. Qg7+ Qxg7 45. fxg7+ Kxg7 46. Rxf7+
Kg6 47. Rxa7 Kf5 48. Rxh7 Kf4 49. Rf7+ Ke3 50. h3 1-0

[Event "Oberliga Ost A"]
[Site "?"]
[Date "2022.06.26"]
[Round "9.6"]
[White "Poessel, Christian"]
[Black "Perekhozhuk, Maksym"]
[Result "1-0"]
[WhiteElo "1991"]
[BlackElo "2014"]
[PlyCount "103"]
[EventDate "2021.10.10"]
[EventType "team-tourn"]
[EventCountry "GER"]
[WhiteTeam "Aue ESV Nickelhuette"]
[BlackTeam "Halle USV"]
[WhiteTeamCountry "GER"]
[BlackTeamCountry "GER"]

1. d4 Nf6 2. Nf3 c5 3. d5 d6 4. Nc3 g6 5. e4 Bg7 6. h3 Qa5 7. Nd2 Nh5 8. Qf3 a6
9. Nc4 Qc7 10. a4 Nd7 11. g4 Nhf6 12. Bf4 O-O 13. Qg3 Ne8 14. Be2 Rb8 15. O-O
b5 16. axb5 axb5 17. Na5 b4 18. Nb5 Rxb5 19. Bxb5 Bxb2 20. Ra2 Ndf6 21. Qd3 Bc3
22. Bg3 Ng7 23. Kg2 h5 24. f3 Bb7 25. Nxb7 Qxb7 26. Bc6 Qc7 27. Qa6 Rb8 28. Qa7
Qd8 29. Rb1 hxg4 30. hxg4 Nge8 31. e5 dxe5 32. Qxc5 Nc7 33. Rd1 Bd4 34. Rxd4
exd4 35. Ra7 Nfxd5 36. Qxd4 Qc8 37. Qe5 Rb6 38. Bxd5 Nxd5 39. Qxd5 Qxc2+ 40.
Bf2 Re6 41. Ra8+ Kg7 42. Ra2 Qc6 43. Qd4+ Rf6 44. g5 Qxf3+ 45. Kg1 b3 46. Rb2
Qc6 47. gxf6+ exf6 48. Rxb3 Qc1+ 49. Kg2 Qg5+ 50. Bg3 Qc1 51. Rf3 Qc6 52. Qc3
1-0

[Event "Oberliga Ost A"]
[Site "?"]
[Date "2022.03.06"]
[Round "9.1"]
[White "Rafayevych, Vilen"]
[Black "Belous, Mikhail"]
[Result "0-1"]
[WhiteElo "2156"]
[BlackElo "2362"]
[PlyCount "98"]
[EventDate "2021.10.10"]
[EventType "team-tourn"]
[EventCountry "GER"]
[WhiteTeam "Magdeburg SG Aufbau Elbe II"]
[BlackTeam "Dessau SK"]
[WhiteTeamCountry "GER"]
[BlackTeamCountry "GER"]

1. d4 Nf6 2. c4 g6 3. Nc3 Bg7 4. e4 d6 5. Nge2 O-O 6. Ng3 c5 7. d5 e6 8. Be2
exd5 9. cxd5 a6 10. a4 Re8 11. O-O Nbd7 12. Bg5 h6 13. Be3 h5 14. Bg5 Qc7 15.
f4 c4 16. Kh1 Nc5 17. Bxf6 Bxf6 18. e5 dxe5 19. d6 Qd8 20. Bxc4 Be6 21. Nd5
exf4 22. Rxf4 Be5 23. Rf1 Qh4 24. Qe1 Qxc4 25. Nb6 Bxg3 26. Qxg3 Qb3 27. Qxb3
Nxb3 28. Nxa8 Rxa8 29. Rad1 Kf8 30. Rfe1 Rd8 31. Kg1 Ke8 32. Re5 b6 33. Kf2 Kd7
34. Re4 Rc8 35. Rb4 Rc6 36. Ke3 Na5 37. Rbd4 Nc4+ 38. Kf4 Nxb2 39. Rb1 Nc4 40.
Rc1 f6 41. Re4 g5+ 42. Kg3 Rxd6 43. Rxe6 Rxe6 44. Rxc4 b5 45. Rb4 Kc6 46. axb5+
axb5 47. h4 Kc5 48. Rb1 b4 49. Kf3 Kc4 0-1

[Event "Oberliga Ost A"]
[Site "?"]
[Date "2022.03.06"]
[Round "9.2"]
[White "Matthey, Harald"]
[Black "Wagner, Benjamin"]
[Result "0-1"]
[WhiteElo "2098"]
[BlackElo "2036"]
[PlyCount "46"]
[EventDate "2021.10.10"]
[EventType "team-tourn"]
[EventCountry "GER"]
[WhiteTeam "Dessau SK"]
[BlackTeam "Magdeburg SG Aufbau Elbe II"]
[WhiteTeamCountry "GER"]
[BlackTeamCountry "GER"]

1. d4 d5 2. Nf3 Nf6 3. c4 e6 4. g3 Bb4+ 5. Bd2 Bd6 6. Nc3 O-O 7. Qc2 dxc4 8. e4
c5 9. dxc5 Bxc5 10. Bxc4 Nc6 11. O-O e5 12. Rad1 Bh3 13. Bg5 Nd4 14. Nxd4 Bxd4
15. Rfe1 Rc8 16. Qe2 Bg4 17. Qf1 Bxd1 18. Rxd1 Qc7 19. Bb3 Bxc3 20. bxc3 Nxe4
21. Be3 Nxc3 22. Rc1 b5 23. a3 a5 0-1

[Event "Oberliga Ost A"]
[Site "?"]
[Date "2022.03.06"]
[Round "9.3"]
[White "Windelband, Jens"]
[Black "Schubert, Ralf"]
[Result "1/2-1/2"]
[WhiteElo "2079"]
[BlackElo "2109"]
[PlyCount "79"]
[EventDate "2021.10.10"]
[EventType "team-tourn"]
[EventCountry "GER"]
[WhiteTeam "Magdeburg SG Aufbau Elbe II"]
[BlackTeam "Dessau SK"]
[WhiteTeamCountry "GER"]
[BlackTeamCountry "GER"]

1. e4 d6 2. d4 Nf6 3. Nc3 g6 4. f4 Bg7 5. Nf3 O-O 6. Bd3 Na6 7. O-O c5 8. d5
Nc7 9. a4 b6 10. Qe1 Bd7 11. f5 a6 12. Qh4 b5 13. axb5 axb5 14. Rxa8 Qxa8 15.
Bh6 c4 16. Be2 Qa7+ 17. Kh1 Ra8 18. fxg6 fxg6 19. e5 dxe5 20. Nxe5 Be8 21. Bxg7
Kxg7 22. d6 Ne6 23. dxe7 g5 24. Qh3 Qxe7 25. Ng4 Nxg4 26. Qxg4 Bc6 27. Bf3 Bxf3
28. gxf3 Qf6 29. Ne4 Qe5 30. Rd1 Rf8 31. c3 Rf4 32. Rd7+ Kg6 33. Qg2 Nc5 34.
Rd6+ Kg7 35. Qxg5+ Qxg5 36. Nxg5 Rf5 37. Ne6+ Nxe6 38. Rxe6 Rxf3 39. Re5 b4 40.
cxb4 1/2-1/2

[Event "Oberliga Ost A"]
[Site "?"]
[Date "2022.03.06"]
[Round "9.4"]
[White "Erler, Rainer"]
[Black "Noack, Marcel"]
[Result "0-1"]
[WhiteElo "2100"]
[BlackElo "2031"]
[PlyCount "76"]
[EventDate "2021.10.10"]
[EventType "team-tourn"]
[EventCountry "GER"]
[WhiteTeam "Dessau SK"]
[BlackTeam "Magdeburg SG Aufbau Elbe II"]
[WhiteTeamCountry "GER"]
[BlackTeamCountry "GER"]

1. e4 g6 2. d4 Bg7 3. Nc3 c5 4. d5 d6 5. Be2 Nf6 6. Nf3 O-O 7. O-O Na6 8. Nd2
Nc7 9. a4 Rb8 10. Nc4 b6 11. Bf4 Ba6 12. Re1 Qd7 13. Qd2 Bxc4 14. Bxc4 a6 15.
e5 Nh5 16. e6 fxe6 17. dxe6 Qe8 18. Bh6 b5 19. axb5 axb5 20. Ra7 Qc8 21. Nd5
Nxd5 22. Bxd5 Qe8 23. Bg5 Nf6 24. Rea1 b4 25. h3 Nxd5 26. Qxd5 Rf5 27. Qd2 Bf6
28. Bxf6 Rxf6 29. Re1 Ra8 30. Rc7 Rc8 31. Rb7 Rb8 32. Qd5 Rf5 33. Rxb8 Qxb8 34.
Qc6 Qf8 35. Ra1 Qf6 36. Ra7 Rxf2 37. Qe8+ Kg7 38. Rxe7+ Kh6 0-1

[Event "Oberliga Ost A"]
[Site "?"]
[Date "2022.03.06"]
[Round "9.5"]
[White "Brueggemann, Florian"]
[Black "Leibovitch, Iziaslav"]
[Result "1/2-1/2"]
[WhiteElo "1964"]
[BlackElo "2074"]
[PlyCount "57"]
[EventDate "2021.10.10"]
[EventType "team-tourn"]
[EventCountry "GER"]
[WhiteTeam "Magdeburg SG Aufbau Elbe II"]
[BlackTeam "Dessau SK"]
[WhiteTeamCountry "GER"]
[BlackTeamCountry "GER"]

1. Nf3 Nf6 2. g3 g6 3. Bg2 Bg7 4. O-O O-O 5. c3 d6 6. d3 e5 7. e4 h6 8. h3 c5
9. Na3 Nc6 10. Qe2 Be6 11. Nc2 Qd7 12. Kh2 d5 13. b4 cxb4 14. cxb4 b5 15. Rd1
d4 16. Rf1 a5 17. Bd2 a4 18. a3 Rac8 19. Nce1 Qe7 20. Rc1 Nd7 21. Ng1 Na7 22.
Rxc8 Nxc8 23. f4 Nd6 24. Nef3 f6 25. Nh4 Bf7 26. fxe5 fxe5 27. Rc1 Rc8 28. Bf3
Nf6 29. Qe1 1/2-1/2

[Event "Oberliga Ost A"]
[Site "?"]
[Date "2022.03.06"]
[Round "9.6"]
[White "Ozeran, Volodymyr"]
[Black "Erbs, Susan"]
[Result "1/2-1/2"]
[WhiteElo "2081"]
[BlackElo "2014"]
[PlyCount "83"]
[EventDate "2021.10.10"]
[EventType "team-tourn"]
[EventCountry "GER"]
[WhiteTeam "Dessau SK"]
[BlackTeam "Magdeburg SG Aufbau Elbe II"]
[WhiteTeamCountry "GER"]
[BlackTeamCountry "GER"]

1. d4 d6 2. Nf3 g6 3. g3 Bg7 4. Bg2 Nd7 5. c4 e5 6. dxe5 dxe5 7. Nc3 h6 8. O-O
Ngf6 9. Qc2 O-O 10. Rd1 Re8 11. e4 c6 12. h3 Qe7 13. Be3 Nf8 14. Qd2 g5 15. Qd6
Ng6 16. Qxe7 Rxe7 17. Rd8+ Re8 18. Rad1 Be6 19. Rxe8+ Nxe8 20. b3 Bf8 21. Ne1
f6 22. Nc2 Be7 23. Ne2 Bd6 24. Bc1 Bc5 25. Ne3 Kf7 26. Nf5 Bxf5 27. exf5 Nf8
28. Nc3 Bd4 29. Ne2 Bb6 30. Ba3 Rd8 31. Rxd8 Bxd8 32. Nc3 Be7 33. Bc1 Nd6 34.
Be3 Nxf5 35. Bxa7 Ne6 36. Ne4 Nfd4 37. Kf1 f5 38. Nc3 Kf6 39. Ne2 Nc2 40. g4 f4
41. Be4 Ncd4 42. Nc3 1/2-1/2